00501nam a2200145Ia 4500082001200000100002100012245008400033250002500117260005100142300000800193504002600201650004400227650006800271700001600339 aTS.0947 aSethy, Sitakanta 0aDynamics of people's participation in decentralized planning: a study in Orissa aUniversity of Mysore bInstitute for Social and Economic Changec2003 a267 aincludes bibliography aDecentralization in governmentzOrissa  aNon-Governmental Organizations (NGOs)aLocal governmentzOrissa aSivanna, N.